000 004210000a22001690004500
003 MACL
005 20160101165749.0
008 160101b xxu||||| |||| 00| 0 eng d
040 _aMACL
_cMACL
041 _aEnglish
082 _a372.2/RIC
100 _aRick, George
_926709
245 _aHAnd And Eye Training
260 _bCassell & Company
_c1891
_aLondon
650 _aEducation
_926710
942 _cBK
_k372.2/RIC
_2ddc
999 _c37910
_d37910